Women in Property (Record no. 119916)

MARC details
000 -LEADER
fixed length control field 00607cam a2200169 4500
001 - CONTROL NUMBER
control field WS114783
008 - FIXED-LENGTH DATA ELEMENTS--GENERAL INFORMATION
fixed length control field 010921n 000 0 eng u
035 ## - SYSTEM CONTROL NUMBER
System control number (Sirsi) u114783
110 ## - MAIN ENTRY--CORPORATE NAME
Corporate name or jurisdiction name as entry element Women in Property
9 (RLIN) 4145
245 ## - TITLE STATEMENT
Title Women in Property
520 ## - SUMMARY, ETC.
Summary, etc. Web site for this organisation for women with established careers in the property industry.
650 ## - SUBJECT ADDED ENTRY--TOPICAL TERM
Topical term or geographic name entry element ORGANISATION
650 ## - SUBJECT ADDED ENTRY--TOPICAL TERM
Topical term or geographic name entry element EQUAL OPPORTUNTIES
690 ## - LOCAL SUBJECT ADDED ENTRY--TOPICAL TERM (OCLC, RLIN)
Topical term or geographic name as entry element MANAGEMENT-BUSINESS MANAGEMENT-PROFESSIONAL PRACTICE
856 40 - ELECTRONIC LOCATION AND ACCESS
Uniform Resource Identifier <a href="https://www.wip.propertymall.com/">https://www.wip.propertymall.com/</a>
Public note View the website free of charge at www.wip.propertymall.com/...
942 ## - ADDED ENTRY ELEMENTS (KOHA)
Suppress in OPAC 0
Holdings
Withdrawn status Lost status Source of classification or shelving scheme Damaged status Not for loan Home library Current library Shelving location Date acquired Total Checkouts Full call number Barcode Date last seen Copy number Price effective from Koha item type
    Dewey Decimal Classification     Virtual Virtual Online 21/09/2001   WEB SITE 114783-2001 06/08/2019 1 06/08/2019 Online material